Bankové a zmenkové nástroje na obnovenie stratenej dôvery v podnikaní

Enregistré dans:
Détails bibliographiques
Auteur principal: Pavelka, Ľuboš, 1962-
Format: Chapitre de livre
Langue:slovaque
Sujets:
Tags: Ajouter un tag
Pas de tags, Soyez le premier à ajouter un tag!

MARC

LEADER 00000naa$a2200000$$$4500
001 0104705
005 20240502083248.7
041 0 |a slo 
044 |a AT 
245 1 0 |a Bankové a zmenkové nástroje na obnovenie stratenej dôvery v podnikaní  |c Ľuboš Pavelka 
500 |a Prezentácia 
610 2 0 |a banky 
610 2 0 |a trh finančný 
610 2 0 |a úver bankový 
610 2 0 |a zmenky 
610 2 0 |a dlžníci 
610 2 0 |a kríza finančná 
610 2 0 |a podnikanie 
100 1 |a Pavelka, Ľuboš, 1962-